| 000 | 00714nac a22001931u 4500 | ||
|---|---|---|---|
| 082 | 0 | 0 | _a297 |
| 090 |
_c1841 _d1841 |
||
| 100 | _a20080729 | ||
| 245 | 1 | 4 |
_aThe Holy Quran : _cby Maulana Muhammed Ali _bArabic text, English tarnslation and Connentary / |
| 260 |
_aLondon, _bAllen & Unwin; _aNew York, _bMacmillan _c[1955] |
||
| 300 |
_a2 v. _c23 cm. |
||
| 490 | 0 | _aSpalding library of religion | |
| 500 | _aDonations | ||
| 500 | _aDonations - Dr. Mostafa Gouda | ||
| 650 | _aKoran | ||
| 700 | 1 | _aAli, Maulana Muhammad | |
| 942 |
_cBB _k297 |
||
| 999 |
_c1841 _d1841 |
||